Countries G-Unit has Visited - Statistics

General Stats
  • This quiz has been taken 11 times
  • The average score is 20 of 23
Answer Stats
Continent Country % Correct
Oceania Australia
100%
South America Brazil
100%
North America Canada
100%
South America Chile
100%
South America Colombia
100%
Europe France
100%
Eurooe Germany
100%
Europe Spain
100%
Europe United Kingdom
100%
Africa Angola
86%
Europe Austria
86%
North America Dominican Republic
86%
Europe Ireland
86%
Oceania New Zealand
86%
Europe Norway
86%
Europe Sweden
86%
Europe Switzerland
86%
Oceania United States of America
86%
Europe Estonia
71%
Asia/ Europe Turkey
71%
South America Venezuela
71%
Africa Morocco
57%
North America Panama
57%
No matching quizzes found
Score Distribution
Percent of People with Each Score
Percentile by Number Answered
Your Score History
You have not taken this quiz